000 00402nam a22001217a 4500
008 230612b xxu||||| |||| 00| 0 eng d
082 _a354.6200
_bGOK
245 _aReport of the Public Accounts Committee on the Government of Kenya Accounts for the Year2001/2002
_cGovernment of Kenya
260 _aKenya
_bGovernment of Kenya
_c2002
300 _a598 p
710 _bGovernment of Kenya
942 _2ddc
_cBK
999 _c1127
_d1127